Mormonism and the Mormons : a historical view of the rise and progress of the sect self-styled Latter-day saints /

Bibliographic Details
Main Author: Kidder, Daniel P. (Daniel Parish), 1815-1891
Format: Book
Language:English
Published: New York : G. Lane & P. P. Sandford, 1842.
Subjects:

MARC

Tag First Indicator Second Indicator Subfields
LEADER 00000cam a2200000 4500
001 in00000665608
005 20151015083201.0
008 800924r18421842miua a 00010 eng d
035 |a (OCoLC)06747917 
035 |9 ACY0132AM 
040 |a EEU  |c TXA  |d UtOrBLW 
049 |a TXAI 
090 |a BX8611  |b .K45 1842 
092 |a 289.3 
099 |a film  |a B  |a 1512  |a reel  |a 288.3 
100 1 |a Kidder, Daniel P.  |q (Daniel Parish),  |d 1815-1891. 
245 1 0 |a Mormonism and the Mormons :  |b a historical view of the rise and progress of the sect self-styled Latter-day saints /  |c By Daniel P. Kidder. 
264 1 |a New York :  |b G. Lane & P. P. Sandford,  |c 1842. 
300 |a 342 pages :  |b 1 illustration ;  |c 14 cm. 
336 |a text  |b txt  |2 rdacontent 
337 |a microform  |b h  |2 rdamedia 
338 |a microfilm reel  |b hd  |2 rdacarrier 
500 |a Microfilm. Ann Arbor, Mich., University Microfilms [n.d.] (American culture series, Reel 288.3) 
500 |a Microform. 
650 0 |a Mormons. 
999 |a MARS 
999 f f |s 5a580109-199f-3b4f-8bea-d77b0929c6c3  |i 3fe81677-17cd-3af1-8ddc-bf4fa4ebeff2  |t 0 
952 f f |p default  |a Texas A&M University  |b College Station  |c Sterling C. Evans Library  |d Evans: Microforms (3rd floor)  |t 0  |e film B 1512 reel 288.3  |h Other scheme  |i microform -- microfilm reel 
998 f f |a film B 1512 reel 288.3  |t 0  |l Evans: Microforms (3rd floor)